International management : (Record no. 21166)
[ view plain ]
| 000 -LEADER | |
|---|---|
| fixed length control field | 01010cam a22002895a 4500 |
| 001 - CONTROL NUMBER | |
| control field | 016952519 |
| 003 - CONTROL NUMBER IDENTIFIER | |
| control field | OSt |
| 005 - DATE AND TIME OF LATEST TRANSACTION | |
| control field | 20161129103725.0 |
| 008 - FIXED-LENGTH DATA ELEMENTS--GENERAL INFORMATION | |
| fixed length control field | 141124s2015 nyua frbd 001 0 eng d |
| 020 ## - INTERNATIONAL STANDARD BOOK NUMBER | |
| International Standard Book Number | 9789814577298 (paperback) |
| 020 ## - INTERNATIONAL STANDARD BOOK NUMBER | |
| Cancelled/invalid ISBN | 9814577294 |
| 040 ## - CATALOGING SOURCE | |
| Original cataloging agency | Uk |
| Language of cataloging | eng |
| Transcribing agency | Uk |
| Modifying agency | EG-ScBUE |
| 082 04 - DEWEY DECIMAL CLASSIFICATION NUMBER | |
| Edition number | 22 |
| Classification number | 658.049 |
| Item number | LUT |
| 100 1# - MAIN ENTRY--PERSONAL NAME | |
| 9 (RLIN) | 12155 |
| Personal name | Luthans, Fred. |
| 245 10 - TITLE STATEMENT | |
| Title | International management : |
| Remainder of title | culture, strategy, and behaviour / |
| Statement of responsibility, etc | Fred Luthans, Jonathan P. Doh. |
| 250 ## - EDITION STATEMENT | |
| Edition statement | 9th ed., McGraw-Hill international ed. |
| 260 ## - PUBLICATION, DISTRIBUTION, ETC. (IMPRINT) | |
| Place of publication, distribution, etc | New York : |
| Name of publisher, distributor, etc | McGraw-Hill Education, |
| Date of publication, distribution, etc | 2015. |
| 300 ## - PHYSICAL DESCRIPTION | |
| Extent | xxvii, 658 p. : |
| Other physical details | ill. ; |
| Dimensions | 28 cm. |
| 500 ## - GENERAL NOTE | |
| General note | This International Student edition is for use outside the US. |
| 500 ## - GENERAL NOTE | |
| General note | Glossary : p. 631-636. |
| 504 ## - BIBLIOGRAPHY, ETC. NOTE | |
| Bibliography, etc | Includes bibliographical references and indexes. |
| 650 #7 - SUBJECT ADDED ENTRY--TOPICAL TERM | |
| Source of heading or term | BUEsh |
| 9 (RLIN) | 4507 |
| Topical term or geographic name as entry element | International business enterprises |
| General subdivision | Management. |
| 651 ## - SUBJECT ADDED ENTRY--GEOGRAPHIC NAME | |
| Source of heading or term | BUEsh |
| 653 ## - INDEX TERM--UNCONTROLLED | |
| Resource For college | BAEPS, Business Administration |
| Arrived date list | February2016 |
| -- | November2016 |
| 700 1# - ADDED ENTRY--PERSONAL NAME | |
| Personal name | Doh, Jonathan P. |
| 942 ## - ADDED ENTRY ELEMENTS (KOHA) | |
| Source of classification or shelving scheme | Dewey Decimal Classification |
| Withdrawn status | Item status | Source of classification or shelving scheme | Damaged status | Not for loan | Vendor | Home library | Current library | Shelving location | Date acquired | Source of acquisition | Cost, normal purchase price | Serial Enumeration / chronology | Total Checkouts | Total Renewals | Full call number | Barcode | Date last seen | Date last borrowed | Cost, replacement price | Koha item type |
|---|---|---|---|---|---|---|---|---|---|---|---|---|---|---|---|---|---|---|---|---|
| Dewey Decimal Classification | Academic Bookshop | Central Library | Central Library | First floor | 16/02/2016 | Purchase | 330.00 | 4865 | 11 | 47 | 658.049 LUT | 000031573 | 15/07/2025 | 21/02/2022 | 412.50 | Book - Borrowing | ||||
| Dewey Decimal Classification | Academic Bookshop | Central Library | Central Library | First floor | 16/02/2016 | Purchase | 330.00 | 4865 | 14 | 57 | 658.049 LUT | 000031574 | 15/07/2025 | 14/12/2021 | 412.50 | Book - Borrowing | ||||
| Dewey Decimal Classification | Academic Bookshop | Central Library | Central Library | First floor | 16/02/2016 | Purchase | 330.00 | 4865 | 8 | 35 | 658.049 LUT | 000031575 | 15/07/2025 | 05/10/2022 | 412.50 | Book - Borrowing | ||||
| Dewey Decimal Classification | Baccah | Central Library | Central Library | First floor | 29/11/2016 | Purchase | 350.00 | 658.049 LUT | 000040127 | 15/07/2025 | NB - Book (Non borrowing) | |||||||||
| Dewey Decimal Classification | Baccah | Central Library | Central Library | First floor | 29/11/2016 | Purchase | 2 | 1 | 658.049 LUT | 000040128 | 15/07/2025 | 29/10/2018 | Book - Borrowing | |||||||
| Dewey Decimal Classification | Baccah | Central Library | Central Library | First floor | 29/11/2016 | Purchase | 11 | 68 | 658.049 LUT | 000040129 | 15/07/2025 | 16/10/2021 | Book - Borrowing | |||||||
| Dewey Decimal Classification | Baccah | Central Library | Central Library | First floor | 29/11/2016 | Purchase | 17 | 63 | 658.049 LUT | 000040130 | 04/01/2026 | 20/12/2025 | Book - Borrowing |